000 00584nam a22002057a 4500
005 20250402105320.0
010 _aENG-144350
020 _a9789381382165
_c400.00p
035 _aEN-127882
037 _bDBAD
082 _a158.1
_21st
100 _aSingh Joginder
_980076
245 _aSuccess Mantra
_cJoginder Singh
_hEnglish
250 _a1st
260 _aU.P.
_bAmrit Books
_c2011
270 _aPlot No. 231, Sector-15A
_bNodia,(U.P.)
_e201301
300 _a238.p
_c22cm. (Hb)
700 _aJoginder Singh
_980043
942 _2ddc
_cEN
_h158.1
_mSIN
_e1st
999 _c210631
_d210631